Doplnkové dôchodkové poistenie a daň z príjmov

Právny rámec pre vznik doplnkového dôchodkového poistenia na Slovensku bol daný schválením zákona č. 123/1996 Z.z. o doplnkovom dôchodkovom poistení zamestnancov a o zmene a doplnení niektorých zákonov, ktorý nadobudol účinnosť 1. júla 1996. Rozbor jednotlivých ustanovení zákona o daniach z príjmov...

Celý popis

Uložené v:
Podrobná bibliografia
Hlavný autor: Kalmanová, Vlasta
Médium: Kapitola
Jazyk:Slovak
Predmet:
Tagy: Pridať tag
Žiadne tagy, Buďte prvý, kto otaguje tento záznam!

MARC

LEADER 00000naa a2200000 4500
001 r041448
005 20230919115819.5
041 0 |a slo 
044 |a SK 
245 1 0 |a Doplnkové dôchodkové poistenie a daň z príjmov  |c Vlasta Kalmanová 
520 |a Právny rámec pre vznik doplnkového dôchodkového poistenia na Slovensku bol daný schválením zákona č. 123/1996 Z.z. o doplnkovom dôchodkovom poistení zamestnancov a o zmene a doplnení niektorých zákonov, ktorý nadobudol účinnosť 1. júla 1996. Rozbor jednotlivých ustanovení zákona o daniach z príjmov č. 366/1999 Z.z. v znení neskorších predpisov, ktoré sa vzťahujú k doplnkovému dôchodkovému poisteniu. 
610 2 0 |a poistenie dôchodkové doplnkové 
610 2 0 |a zákony 
610 2 0 |a dane z príjmov 
610 2 0 |a zamestnávatelia 
610 2 0 |a zamestnanci 
610 2 0 |a Slovensko 
100 1 |a Kalmanová, Vlasta